Essentials of Management (Record no. 233)

MARC details
000 -LEADER
fixed length control field 00765cam a2200265 i 4500
001 - CONTROL NUMBER
control field 4139805
003 - CONTROL NUMBER IDENTIFIER
control field OSt
005 - DATE AND TIME OF LATEST TRANSACTION
control field 20190930161757.0
008 - FIXED-LENGTH DATA ELEMENTS--GENERAL INFORMATION
fixed length control field 770627s1978 nyua b 001 0 eng
010 ## - LIBRARY OF CONGRESS CONTROL NUMBER
LC control number 77024763
020 ## - INTERNATIONAL STANDARD BOOK NUMBER
International Standard Book Number 0070353727
040 ## - CATALOGING SOURCE
Original cataloging agency DLC
Transcribing agency DLC
Modifying agency DLC
050 00 - LIBRARY OF CONGRESS CALL NUMBER
Classification number HD31
Item number .K62 1978
082 00 - DEWEY DECIMAL CLASSIFICATION NUMBER
Classification number 658 KOO 1978
100 1# - MAIN ENTRY--PERSONAL NAME
Personal name Koontz, Harold; O'Donnell, Cyril,
Dates associated with a name 1908-
9 (RLIN) 618
245 10 - TITLE STATEMENT
Title Essentials of Management
250 ## - EDITION STATEMENT
Edition statement 2d ed.
260 ## - PUBLICATION, DISTRIBUTION, ETC. (IMPRINT)
Place of publication, distribution, etc. New York;
Name of publisher, distributor, etc. McGraw-Hill,
Date of publication, distribution, etc. c1978.
300 ## - PHYSICAL DESCRIPTION
Extent xii, 562 p. :
Other physical details ill. ;
Dimensions 25 cm.
490 0# - SERIES STATEMENT
Series statement McGraw-Hill series in management
504 ## - BIBLIOGRAPHY, ETC. NOTE
Bibliography, etc Includes bibliographical references and index.
650 #0 - SUBJECT ADDED ENTRY--TOPICAL TERM
Topical term or geographic name as entry element Management.
9 (RLIN) 619
906 ## - LOCAL DATA ELEMENT F, LDF (RLIN)
a 7
b cbc
c orignew
d 1
e ocip
f 19
g y-gencatlg
942 ## - ADDED ENTRY ELEMENTS (KOHA)
Source of classification or shelving scheme Other/Generic Classification Scheme
Koha item type Book Bank
Holdings
Withdrawn status Lost status Source of classification or shelving scheme Damaged status Not for loan Home library Current library Date acquired Source of acquisition Inventory number Total Checkouts Full call number Barcode Date last seen Koha item type
    Dewey Decimal Classification     MUST Main Library MUST Main Library 16/07/2014 Purchase 11/34756   658 KOO 1978 2014-0837 16/07/2014 Open Shelf
    Dewey Decimal Classification     MUST Main Library MUST Main Library 16/07/2014 Purchase 11/34759   658 KOO 1978 2014-0838 16/07/2014 Open Shelf
    Dewey Decimal Classification     MUST Main Library MUST Main Library 16/07/2014 Purchase 11/34755   658 KOO 1978 2014-0839 16/07/2014 Open Shelf
    Dewey Decimal Classification     MUST Main Library MUST Main Library 16/07/2014 Purchase 11/34754   658 KOO 1978 2014-0840 16/07/2014 Open Shelf
    Dewey Decimal Classification     MUST Main Library MUST Main Library 16/07/2014 Purchase 11/34753   658 KOO 1978 2014-0841 16/07/2014 Open Shelf
    Dewey Decimal Classification     MUST Main Library MUST Main Library 16/07/2014 Purchase 11/34758   658 KOO 1978 2014-0842 16/07/2014 Open Shelf
    Dewey Decimal Classification     MUST Main Library MUST Main Library 16/07/2014 Purchase 11/34757   658 KOO 1978 2014-0843 16/07/2014 Open Shelf
    Dewey Decimal Classification     MUST Main Library MUST Main Library 16/07/2014 Purchase 11/34760   658 KOO 1978 2014-0844 16/07/2014 Open Shelf
    Dewey Decimal Classification     MUST Main Library MUST Main Library 16/07/2014 Purchase 11/34762   658 KOO 1978 2014-0845 16/07/2014 Open Shelf
    Dewey Decimal Classification     MUST Main Library MUST Main Library 16/07/2014 Purchase 11/34761   658 KOO 1978 2014-0846 16/07/2014 Open Shelf